000
00305as aa2200109a 44500
090
_a
SERIADAS
_b
01552
245
1
0
_a
Revista Peruana de Biología
260
_b
Universidad Nacional Mayor de San Marcos, Facultad de Ciencias Biológicas
_a
Perú
310
_a
IRREGULAR
041
0
_a
Español
942
_c
REVISTA
999
_c
17314
_d
17314